📖 150 premiers mots "La femme du boulanger" Pagnol N°1 (préface) - Statistiques

Statistiques générales
  • Ce quiz a Ă©tĂ© pris 14 fois
  • Le rĂ©sultat moyen est 89 sur 150
Statistiques - réponses
Mots % Correct
Ă€
100%
Ă 
100%
AMABLE-
100%
Amable.
100%
Amable
100%
C'
100%
femme ;
100%
s'
100%
avec
91%
BOULANGER
91%
boulanger
91%
d'
91%
de
91%
De
91%
du
91%
homme
91%
Il
91%
il
91%
ils
91%
la
91%
-LE
91%
le
91%
n'
91%
pas
91%
un
91%
une
91%
avait
82%
Dans
82%
dans
82%
des
82%
en
82%
en ...
82%
et
82%
Et
82%
était
82%
les
82%
petit
82%
qu'
82%
qui
82%
village
82%
avaient
73%
car
73%
pain :
73%
se
73%
sur
73%
appelait
64%
bien
64%
dimanche
64%
grande
64%
mais
64%
pour
64%
son
64%
matin
55%
matin,
55%
petite
55%
table,
55%
toute
55%
amour.
45%
bonne
45%
boutique
45%
boutique.
45%
clients
45%
croissants
45%
faisait
45%
pains.
45%
avoir
36%
baguette
36%
chaque
36%
eux-
36%
mĂŞmes,
36%
métier,
36%
minuit,
36%
pris
36%
venait
36%
autre,
27%
brun,
27%
cinq
27%
collines,
27%
fournil
27%
grandes
27%
heures,
27%
lumière
27%
montagne
27%
perdu
27%
servaient
27%
taciturne.
27%
vieille
27%
après
18%
autant
18%
bois,
18%
dessinait,
18%
éclairait
18%
jaune,
18%
miches
18%
partir
18%
sales,
18%
surveiller
18%
temps
18%
vitres
18%
araignée
9%
brillait
9%
connaissait
9%
corbeilles...
9%
craquaient
9%
dentelles
9%
descendait
9%
dorés
9%
doucement
9%
entailles
9%
fenĂŞtre
9%
installer
9%
marqué,
9%
morte.
9%
refroidissant
9%
serviable,
9%
vente
9%
voisinage
9%
Aucun quiz correspondant
Distribution des résultats
% des personnes avec chaque résultat
Percentile par nombre de réponses
Votre historique - résultats
Vous n’avez pas pris ce quiz